Statistiques concernant Scottsbury Culture Quiz 1

Cliquez ici pour prendre le quiz!

Statistiques générales

  • Ce quiz a été pris 59 fois
  • Le résultat moyen est 6 sur 15

Statistiques - réponses

QuestionsIndicesRéponses% Correct
Quelle machine, utilisée pour la décapitation, fut nommée en l'honneur de Joseph Ignace Guillotin, qui l'a fait adopter à l'assemblée nationale constituante en 1789 ?La guillotine
100%
En informatique, quelle unité de mesure, constituée de 8 bits, est symbolisée par la lettre "o" ?Un octet
84%
Quel mot masculin peut désigner la partie inférieure d'une cuisse de volaille, comme le poulet, ou un instrument servant à broyer dans un mortier ?Le pilon
75%
Quelle espèce du genre Homo porte un nom signifiant "homme dressé, droit" ?Homo erectus
73%
À quel écrivain de langue allemande doit-on le roman inachevé "Le Procès" relatant les mésaventures de Joseph K. ?Franz .....Franz KAFKA
55%
En 2005, pour quel film Marion Cotillard reçoit-elle le César de la meilleure actrice dans un second rôle ?Un long ........ .. ...........Un long dimanche de fiançailles
51%
En 1825, quel frère de Louis XVI et Louis XVIII fut le dernier roi de France à être sacré à Reims ?Charles X
39%
Quel plancton commun des mers froides est un crustacé constituant la nourriture principale des baleines à fanons ?Le krill
35%
Quel écrivain normand est l'auteur du roman "Bouvard et Pécuchet", publié à titre posthume en 1881 ?Gustave FLAUBERT
24%
Dans la mythologie grecque, quel fils de Nyx et père de Morphée est le dieu du sommeil ?Hypnos
24%
Quel mot féminin, tiré du latin signifiant "étoffe du monde", désigne la sorte de planisphère représentant le globe terrestre divisé en deux hémisphères ?Une mappemonde
24%
Quelle île, symbole de la traite négrière en Afrique, se situe dans la baie de Dakar ?L'île de Gorée
22%
Quelle mer, située entre la Sibérie et l'Alaska, porte le nom d'un peuple sibérien dont le nom signifie "abondant en rennes" ?La mer des Tchouktches
16%
Quel politicien conservateur, le premier Premier Ministre britannique à être élu sous le règne d'Elisabeth II, démissionna peu de temps après la crise de Suez ?Anthony ....Anthony EDEN
10%
Quelle comédie américaine de Judd Apatow, traitant de la grossesse, est une suite dérivée du film "40 ans : mode d'emploi" ?En cloque mode d'emploi
4%

Distribution des résultats

Percentile par nombre de réponses

% des personnes avec chaque résultat

Votre développement - résultats

Vous n’avez pas pris ce quiz